00509 2200205 4500001002100000005001500021035002000036007000300056008004100059020001800100082001000118084001600128100001600144245003800160260003100198300001700229600001300246990002200259990002200281INLIS00000000000030920220512084925 a0010-0522000009ta220512 0 ind  a9786020274072 a152.4 a152.4 FAD m0 aFadli Usman1 amencari cinta yang diridhai Allah aJakarta :bGramedia,c2015 a180 ;c20 cm 4amotivasi a4805/SMPN7/SBY/18 a4806/SMPN7/SBY/18